| 000 | 00674nam a2200181 4500 | ||
|---|---|---|---|
| 001 | 118057 | ||
| 003 | ES-MaACL | ||
| 005 | 20230906191025.0 | ||
| 007 | t| | ||
| 008 | 070214s1959 sp r ||||1| spa d | ||
| 100 | 1 |
_aPelton, B. W. _990124 |
|
| 245 | 1 | 3 |
_aEl arte de construir muebles / _cB.W. Pelton ; versión directa de la primera edición norteamericana por Francisco Ferrand Masset ; edición revisada y adaptada por José Mª Soteras. |
| 260 |
_aBarcelona [etc.] : _bJosé Montesó, _c1959. |
||
| 300 |
_a561 p. : _bil ; _c22 cm. |
||
| 700 | 1 |
_aFerrand Masset, Francisco. _950258 |
|
| 700 | 1 |
_aSoteras, José María. _9107465 |
|
| 852 |
_aES-MaACL _jC-4212 _bR.44058 |
||
| 999 |
_c118057 _d118057 |
||